000 00746nam a22001337a 4500
040 _cRUA
082 _aAGR Y 2009 B041 Or.1
100 _aY, DYLEAK.
245 _aeffect pf dofferent of different fertilizer on new rice variety at crop station of royal university of agriculture (ឥទ្ធិពលនៃប្រភេទជីផ្សេងគ្នាទៅលើពួជស្រូវថ្មី នៅស្តានីយ៍ ពិសោធន៍ដំណាំ នៃសាកលវិទ្យាល័យភូមិន្ទកសិកម្ម)
260 _aPhnom Penh
_bRUA
_c2009
300 _axi, 58p.
_bill.
_c29cm.
856 _uhttps://drive.google.com/file/d/1wsjqLYgqkIQujUdAvrBzYQ-GWjWsVYVJ/view?usp=sharing
942 _cAGR
999 _c919
_d919